000 00487nam a2200181Ia 4500
001 4547
005 20260306145804.0
008 260306t2018||||xx |||||||||||||| ||spa||
041 _aESP
082 _a324.6
_bN564
100 _aNohlen, Dieter
_eAUT
245 0 _aGramática de los sistemas electorales:
_buna introducción a la ingeniería de la representación
260 _c2018
300 _a174 páginas :
_c23 cm.
650 _aGEN
654 _aCDE
942 _cLIB
_dJUS
_fJUS
_2ddc
_n
999 _c4547
_d4547